000 00213nam a2200097Ia 4500
008 190216s9999||||xx |||||||||||||| ||und||
100 _aRadakrishnan
245 0 _aVellam
260 _bKerala Basha Inst
942 _cBK
999 _c37700
_d37700